000 00561nam a2200145Ia 4500
008 100204s9999 xx 000 0 und d
082 _b26682
100 _aद्र्रविड रोहिणी
245 _aजाम्बो ! हाकुना माटाटा
260 _b"ग्रंथाली ज्ञानयज्ञ , मुंबई"
_c2005
300 _a128
630 _aजाम्बो ! हाकुना माटाटा
730 _aजाम्बो ! हाकुना माटाटा
942 _cBOOK
999 _c471861
_d471858